Recuerdos de Valparaíso: Teatros y Actualidades en homenaje al IV Centenario, 1836, 1937
Saved in:
| Hovedforfatter: | |
|---|---|
| Format: | Bog |
| Sprog: | spansk |
| Udgivet: |
Valparaíso
Imprenta Victoria
1937
|
| Udgivelse: | 1a. ed |
| Fag: | |
| Tags: |
Tilføj Tag
Ingen Tags, Vær først til at tagge denne postø!
|
MARC
| LEADER | 00000nam a2200000 a 4500 | ||
|---|---|---|---|
| 001 | UCJ4352 | ||
| 003 | CL-VaPUC | ||
| 008 | 070124e19370000CL |||||||||||||||||spa|d | ||
| 082 | 0 | 4 | |a 983 |b ESC |2 21 |
| 100 | 0 | |a Escobar M., Fernando |e author |9 507841 | |
| 245 | 1 | 0 | |a Recuerdos de Valparaíso: Teatros y Actualidades en homenaje al IV Centenario, 1836, 1937 |
| 250 | |a 1a. ed | ||
| 300 | |a t | ||
| 651 | 0 | |a Valparaíso, Chile |9 261144 | |
| 942 | |c BK | ||
| 945 | |d 20070124 00:00:00 |a rinostro | ||
| 260 | |a Valparaíso |b Imprenta Victoria |c 1937 | ||
| 500 | |a Se trata de un número especial, en homenaje al Cuarto Centenario del descubrimiento de Valparaíso, del Semanario Teatro y Actualidades. Fotocopia del original. Numerosa iconografía de personalidades ligadas a la historia de la ciudad | ||
| 600 | 0 | 7 | |a ROSS DE EDWARDS, JUANA |2 CL-VaPUC |9 405154 |
| 600 | 0 | 7 | |a VAN BUREN, CARLOS |2 CL-VaPUC |9 507842 |
| 600 | 0 | 7 | |a BUDGE BARNARD, EDUARDO B |2 CL-VaPUC |9 505135 |
| 600 | 0 | 7 | |a SANTA MARIA CARRERA, FEDERICO |2 CL-VaPUC |9 504994 |
| 600 | 0 | 7 | |a UNIVERSIDAD FEDERICO SANTA MARIA |2 CL-VaPUC |9 507843 |
| 600 | 0 | 7 | |a BROWN DE BRUNET, ISABEL |2 CL-VaPUC |9 507844 |
| 600 | 0 | 7 | |a BROWN DE ARIZTIA, MARIA TERESA |2 CL-VaPUC |9 507845 |
| 600 | 0 | 7 | |a RAMOS Y RAMOS, JOSE TOMAS |2 CL-VaPUC |9 507846 |
| 600 | 0 | 7 | |a DEFORMES, ENRIQUE |2 CL-VaPUC |9 507847 |
| 600 | 0 | |a Universidad Católica de Valparaíso |9 267924 | |
| 600 | 0 | 7 | |a BROWN DE BRUNET, ISABEL |2 CL-VaPUC |9 507844 |
| 600 | 0 | 7 | |a BROWN DE ARIZTIA, MARIA TERESA |2 CL-VaPUC |9 507845 |
| 600 | 0 | 7 | |a CACES DE BROWN, ISABEL |2 CL-VaPUC |9 307928 |
| 600 | 0 | 7 | |a SOCIEDAD PROTECTORA DE LA INFANCIA |2 CL-VaPUC |9 507848 |
| 600 | 0 | 7 | |a SOCIEDAD DE INSTRUCCION PRIMARIA |2 CL-VaPUC |9 507849 |
| 600 | 0 | 7 | |a FUNDACION MENA |2 CL-VaPUC |9 507850 |
| 600 | 0 | 7 | |a HOSPITAL DE NIÑOS DE VALPARAISO |2 CL-VaPUC |9 507851 |
| 600 | 0 | 7 | |a GOTA DE LECHE |2 CL-VaPUC |9 507852 |
| 600 | 0 | 7 | |a SOCIEDAD DE DOLORES |2 CL-VaPUC |9 507853 |
| 600 | 0 | 7 | |a SOCIEDAD NACIONAL DE COSTURAS |2 CL-VaPUC |9 507854 |
| 600 | 0 | 7 | |a ESCUELA DE ENFERMERAS |2 CL-VaPUC |9 507855 |
| 600 | 0 | 7 | |a PALACIO EDWARDS |2 CL-VaPUC |9 507856 |
| 600 | 0 | 7 | |a TEMPLO DEL ESPIRITU SANTO |2 CL-VaPUC |9 507857 |
| 650 | 0 | |a Historia local |9 266584 | |
| 650 | 0 | |a Desastres naturales |9 269276 | |
| 650 | 0 | |a Desarrollo económico y social |9 256320 | |
| 650 | 0 | |a Antropología cultural y social |9 265143 | |
| 650 | 0 | |a Iconografía |9 267998 | |
| 650 | 0 | |a Historia de Chile |9 265473 | |
| 583 | |a last modification |c 20121220 07:28:37 |k Rodrigo Vera | ||
| 999 | |c 320468 |d 320466 | ||
| 952 | |0 0 |1 0 |4 0 |6 983_000000000000000_ESC_1937 |7 0 |8 X |9 398992 |a FDOBUD |b FDOBUD |d 2019-11-22 |h t.1 |i 1017101 |o 983 ESC 1937 |p 1017101 |r 2019-11-22 |w 2019-11-22 |y BK_X |k BUD | ||